000 00935cab a2200241 4500
001 ABS45372
008 090401t1991 xxu||||| |||| 00| 0 eng d
035 _a(Sirsi) u52576
041 _aeng
100 _aHarding, C
245 _aStop the Inland Revenue lest it throttles our self-starters
260 _c1991
350 _a0
490 _aBuilding
_v256(7717) 18 October 1991, 30(1)
520 _aDiscusses Inland Revenue proposals in a consultation document "Taxation of subcontractors in the construction industry" to redefine the tax status of subcontractors by reducing the number exempt from tax deduction at source and by reducing the deduction rate from 25% to 20%. This is seen as threatening the concept of self-employment.
650 _aEXEMPTIONS
650 _aSUBCONTRACTORS
650 _aTAX DEDUCTION AT SOURCE
690 _aBUILT ENVIRONMENT
690 _aTAXATION
942 _n0
948 _c04/03/1997
999 _c32531
_d32531